Подробности
| 000 -МАРКЕР |
| контрольное поле |
02982nam0a2200433 4500 |
| 001 - ИДЕНТИФИКАТОР ЗАПИСИ |
| контрольное поле |
RU\NLR\bibl\1153295 |
| 005 - ИДЕНТИФИКАТОР ВЕРСИИ |
| контрольное поле |
20260407171218.0 |
| 010 ## - МЕЖДУНАРОДНЫЙ СТАНДАРТНЫЙ НОМЕР КНИГИ (ISBN) |
| Номер (ISBN) |
5-88736-006-2 |
| Тираж |
150 |
| 035 ## - ДРУГИЕ СИСТЕМНЫЕ НОМЕРА |
| Идентификатор записи |
(nilc)RSL-KNO-003021155 |
| 035 ## - ДРУГИЕ СИСТЕМНЫЕ НОМЕРА |
| Идентификатор записи |
(NLR Aleph) 001140081 |
| 100 ## - ДАННЫЕ ОБЩЕЙ ОБРАБОТКИ |
| Данные общей обработки |
20070117d2006 |||y0rusy50 ca |
| 101 0# - ЯЗЫК РЕСУРСА |
| Язык текста, звукозаписи и т.д. |
русский |
| 102 ## - СТРАНА ПУБЛИКАЦИИ ИЛИ ПРОИЗВОДСТВА |
| Страна публикации |
Российская Федерация |
| 105 ## - ПОЛЕ КОДИРОВАННЫХ ДАННЫХ: ТЕКСТОВЫЕ МАТЕРИАЛЫ, МОНОГРАФИЧЕСКИЕ |
| Кодированные данные о монографическом текстовом документе |
y ||||||||| |
| 106 ## - ПОЛЕ КОДИРОВАННЫХ ДАННЫХ: ТЕКСТОВЫЕ РЕСУРСЫ – ФОРМА |
| Форма ресурса: кодированные данные: обозначение носителя |
r |
| 200 1# - ЗАГЛАВИЕ И СВЕДЕНИЯ ОБ ОТВЕТСТВЕННОСТИ |
| Основное заглавие |
О Камчатской земле написано... |
| Сведения, относящиеся к заглавию |
материалы XXIII Крашенинниковских чтений, [20-21, 26 апреля, г. Елизово |
| Первые сведения об ответственности |
науч. ред. - И.В. Витер] |
| 210 ## - ПУБЛИКАЦИЯ, РАСПРОСТРАНЕНИЕ И ДР. |
| Место издания, распространения и т.д. |
Петропавловск-Камчатский |
| Имя издателя, распространителя и т. д. |
Камчатская областная научная библиотека |
| Дата издания, распространения и т.д. |
2006 |
| 215 ## - ФИЗИЧЕСКАЯ ХАРАКТЕРИСТИКА |
| Специфическое обозначение материала и объем |
284 с. |
| Размеры |
29 |
| 300 ## - ОБЩИЕ ПРИМЕЧАНИЯ |
| Текст примечания |
В надзаг.: Упр. культуры Администрации Камчат. обл., Камчат. обл. науч. б-ка им. С.П. Крашенинникова, Администрация Елиз. район. муницип. образования, Центр. б-ка Елиз. централиз. библ. системы |
| 300 ## - ОБЩИЕ ПРИМЕЧАНИЯ |
| Текст примечания |
Посвящается 295-летию со дня рождения С.П. Крашенинникова |
| 320 ## - ПРИМЕЧАНИЯ О НАЛИЧИИ В ДОКУМЕНТЕ БИБЛИОГРАФИИ / УКАЗАТЕЛЯ |
| Текст примечания |
Библиогр. в конце докл. |
| 607 ## - ГЕОГРАФИЧЕСКОЕ НАИМЕНОВАНИЕ КАК ПРЕДМЕТ |
| Географическое наименование |
Камчатская область |
| Формальный подзаголовок |
Съезды, совещания и т.п. |
| Тематический подзаголовок |
История |
| Системный номер авторитетной/нормативной записи |
1030138 |
| Идентификатор авторитетной/нормативной записи |
RU\NLR\auth\6677321 |
| 607 ## - ГЕОГРАФИЧЕСКОЕ НАИМЕНОВАНИЕ КАК ПРЕДМЕТ |
| Географическое наименование |
Камчатка, полуостров (Северо-Восток Азиатской части РФ) |
| Формальный подзаголовок |
Съезды, совещания и т.п. |
| Тематический подзаголовок |
Открытие и исследования |
| -- |
История |
| Системный номер авторитетной/нормативной записи |
2243238 |
| Идентификатор авторитетной/нормативной записи |
RU\NLR\auth\661345932 |
| 610 0# - НЕКОНТРОЛИРУЕМЫЕ ПРЕДМЕТНЫЕ ТЕРМИНЫ |
| Предметный термин |
Науки о Земле -- Региональный раздел наук о Земле -- Российская Федерация -- Камчатская область -- Страноведческая характеристика -- Материалы конференции |
| 610 0# - НЕКОНТРОЛИРУЕМЫЕ ПРЕДМЕТНЫЕ ТЕРМИНЫ |
| Предметный термин |
История. Исторические науки -- Российская Федерация -- Камчатская область -- Материалы конференции -- Российская Федерация |
| 686 ## - ИНДЕКСЫ ДРУГИХ КЛАССИФИКАЦИЙ |
| Индекс |
Д9(2Р55-4Камч)0я431(2) |
| Код системы |
|
| 686 ## - ИНДЕКСЫ ДРУГИХ КЛАССИФИКАЦИЙ |
| Индекс |
Т3(2Р-4Камч)я431(2Р) |
| Код системы |
|
| 686 ## - ИНДЕКСЫ ДРУГИХ КЛАССИФИКАЦИЙ |
| Индекс |
Т3(2Р-4Камч)я431 |
| 686 ## - ИНДЕКСЫ ДРУГИХ КЛАССИФИКАЦИЙ |
| Индекс |
Д890(2Р55-4Камч)02я431 |
| 702 #1 - ИМЯ ЛИЦА - ВТОРИЧНАЯ ОТВЕТСТВЕННОСТЬ |
| Код отношения |
Редактор |
| Материалы, к которым относится поле |
rus |
| Графика поля |
Кириллица |
| Начальный элемент ввода |
Витер |
| Часть имени, кроме начального элемента ввода |
И. В. |
| Расширение инициалов личного имени |
Ирина Васильевна |
| Идентификатор авторитетной/нормативной записи |
RU\NLR\auth\7722427 |
| Системный номер авторитетной/нормативной записи |
5485 |
| 702 #1 - ИМЯ ЛИЦА - ВТОРИЧНАЯ ОТВЕТСТВЕННОСТЬ |
| Начальный элемент ввода |
Крашененников |
| Часть имени, кроме начального элемента ввода |
С. П. |
| Даты |
1711- |
| Расширение инициалов личного имени |
Степан Петрович |
| Код отношения |
Прочие |
| 711 12 - НАИМЕНОВАНИЕ ОРГАНИЗАЦИИ - АЛЬТЕРНАТИВНАЯ ОТВЕТСТВЕННОСТЬ |
| Начальный элемент ввода |
Крашенинниковские чтения |
| Порядковый номер временной организации и / или порядковый номер ее части |
23 |
| Дата проведения временной организации |
2006 |
| Место проведения временной организации |
Петропавловск-Камчатский |
| Идентификатор авторитетной/нормативной записи |
RU\NLR\AUTH\8810107424 |
| Системный номер авторитетной/нормативной записи |
715034 |
| 801 #0 - ИСТОЧНИК ЗАПИСИ |
| Страна |
Российская Федерация |
| Организация |
РКП |
| Дата составления |
20070117 |
| Правила каталогизации |
rcr |
| 801 #1 - ИСТОЧНИК ЗАПИСИ |
| Страна |
Российская Федерация |
| Организация |
РГБ |
| Дата составления |
20070117 |
| 801 #2 - ИСТОЧНИК ЗАПИСИ |
| Страна |
Российская Федерация |
| Организация |
NLR |
| Дата составления |
20071113 |
| Правила каталогизации |
rcr |
| 942 ## - ДОПОЛНИТЕЛЬНЫЕ ЭЛЕМЕНТЫ ЗАПИСИ (АБИС) |
| Тип экземпляра АБИС |
Книга |
| 980 ## - КОЛЛЕКЦИЯ |
| Название коллекции |
Национальная библиография |